Roof falls in on plot to rig contract bidding (Record no. 117843)
[ view plain ]
| 000 -LEADER | |
|---|---|
| fixed length control field | 01242cam a2200217 4500 |
| 001 - CONTROL NUMBER | |
| control field | ABS68097 |
| 008 - FIXED-LENGTH DATA ELEMENTS--GENERAL INFORMATION | |
| fixed length control field | 040811n2004 000 0 eng u |
| 035 ## - SYSTEM CONTROL NUMBER | |
| System control number | (Sirsi) u127055 |
| 100 ## - MAIN ENTRY--PERSONAL NAME | |
| Personal name | Tupper, S. |
| 245 ## - TITLE STATEMENT | |
| Title | Roof falls in on plot to rig contract bidding |
| 260 ## - PUBLICATION, DISTRIBUTION, ETC. | |
| Date of publication, distribution, etc. | 2004 |
| 490 ## - SERIES STATEMENT | |
| Series statement | Estates Gazette |
| Volume/sequential designation | (0418) 17 July 2004, 113(1) |
| 520 ## - SUMMARY, ETC. | |
| Summary, etc. | Discusses recent OFT investigations into bid rigging involving a flat roofing construction cartel. The illegal arrangements concerned a system whereby the companies involved covered each other's prices, by putting in, what were in effect, dummy bids containing artificially high prices when tendering for work for what were considered to be reserved customers. The companies were fined, but similar offences committed after 20 June 2003 can be prosecuted under the Enterprise Act 2002, with jail sentences likely. Similar illegal arrangements may be targeted in the property industry. Such firms must ensure they comply with procedures to stay within the law. |
| 590 ## - LOCAL NOTE (RLIN) | |
| Local note | ABS |
| 590 ## - LOCAL NOTE (RLIN) | |
| Local note | ABS |
| 650 ## - SUBJECT ADDED ENTRY--TOPICAL TERM | |
| Topical term or geographic name entry element | CARTELS |
| 650 ## - SUBJECT ADDED ENTRY--TOPICAL TERM | |
| Topical term or geographic name entry element | ENTERPRISE ACT 2002 |
| 650 ## - SUBJECT ADDED ENTRY--TOPICAL TERM | |
| Topical term or geographic name entry element | COMPETITION ACT 1998 |
| 690 ## - LOCAL SUBJECT ADDED ENTRY--TOPICAL TERM (OCLC, RLIN) | |
| Topical term or geographic name as entry element | BUILDING AND CONSTRUCTION-PROCUREMENT, PARTNERING, TENDERING |
| 942 ## - ADDED ENTRY ELEMENTS (KOHA) | |
| Suppress in OPAC | 0 |
| Withdrawn status | Lost status | Source of classification or shelving scheme | Damaged status | Not for loan | Home library | Current library | Shelving location | Date acquired | Total Checkouts | Full call number | Barcode | Date last seen | Copy number | Price effective from | Koha item type |
|---|---|---|---|---|---|---|---|---|---|---|---|---|---|---|---|
| Dewey Decimal Classification | London | London | Journal article | 11/08/2004 | ABS68097 | 127055-1001 | 06/08/2019 | 1 | 06/08/2019 | Journal article |